Statistiken für Gemüse erkennen - Nahaufnahme

Klicken Sie hier um das Quiz zu spielen!

Allgemein

  • Dieses Quiz wurde 1.902 mal gespielt
  • Das Durchschnittsergebnis liegt bei 12 aus 12

Antwortstatistiken

Antwort% Korrekt
Gurke
99%
Zwiebel
99%
Karotte
98%
Salat
98%
Tomate
98%
Blumenkohl
97%
Kürbis
96%
Paprika
96%
Lauch
95%
Aubergine
94%
Brokkoli
92%
Kartoffel
88%

Verteilung der Resultate

Perzentil nach korrekt beantworteten Fragen

Anzahl Personen mit jedem Resultat

Ihre Resultats-Entwicklung

Sie haben dieses Quiz noch nicht gespielt